000 00554nam a2200229Ia 4500
003 OSt
005 20221007111841.0
006 a|||||r|||| 00| 0
007 ta
008 221006b |||||||| |||| 00| 0 eng d
024 _a24,410
037 _cTextual
040 _aLCO
_cLCO
_beng
041 _2eng
_aeng
100 _aClarks R.S.
_9708562
245 0 _aUnited Nation High Commissioner for Human Rights
260 _c1972
300 _a186
650 _aUNITED NATION
_9702403
942 _cTEXL
999 _c1193973
_d1193973